| 000 | 00624nam a2200121Ia 4500 | ||
|---|---|---|---|
| 008 | 220615s9999||||xx |||||||||||||| ||und|| | ||
| 245 | 0 |
_aBiodiversitätsmuseum Göttingen _bThe storyline English edition |
|
| 546 | _aEnglish[eng] | ||
| 650 | _aanthropocene||biodiversity||biodiversity crisis||museum||outreach||scientific communication | ||
| 700 | _aBleidorn, Christoph||Aguado Molina, Maria Teresa | ||
| 856 | _uhttps://library.oapen.org/bitstream/20.500.12657/51336/1/biodiversitaetsmuseum_goettingen_en.pdf||https://library.oapen.org/bitstream/20.500.12657/51336/1/biodiversitaetsmuseum_goettingen_en.pdf | ||
| 942 | _cEB | ||
| 999 |
_c13230 _d13230 |
||